<?xml version="1.0" encoding="UTF-8"?>
<record
    xmlns:xsi="http://www.w3.org/2001/XMLSchema-instance"
    xsi:schemaLocation="http://www.loc.gov/MARC21/slim http://www.loc.gov/standards/marcxml/schema/MARC21slim.xsd"
    xmlns="http://www.loc.gov/MARC21/slim">

  <leader>02245nam a22003137a 4500</leader>
  <controlfield tag="001">8580</controlfield>
  <controlfield tag="003">FISKH</controlfield>
  <controlfield tag="005">20251001154110.0</controlfield>
  <controlfield tag="008">251001b        cb ||||| |||| 00| 0 eng d</controlfield>
  <datafield tag="020" ind1=" " ind2=" ">
    <subfield code="a">9789996301568</subfield>
  </datafield>
  <datafield tag="040" ind1=" " ind2=" ">
    <subfield code="a">FISKH</subfield>
    <subfield code="b">khr</subfield>
    <subfield code="c">FISKH</subfield>
    <subfield code="d">FISKH</subfield>
  </datafield>
  <datafield tag="050" ind1=" " ind2=" ">
    <subfield code="a">PZ7</subfield>
  </datafield>
  <datafield tag="082" ind1=" " ind2=" ">
    <subfield code="a">590</subfield>
  </datafield>
  <datafield tag="100" ind1=" " ind2=" ">
    <subfield code="a">Dawn, Dim</subfield>
  </datafield>
  <datafield tag="245" ind1=" " ind2=" ">
    <subfield code="a">&#x1780;&#x17BC;&#x1793;&#x1794;&#x17D2;&#x179A;&#x1787;&#x17C0;&#x179C;&#x179C;&#x17C3;&#x1786;&#x17D2;&#x179B;&#x17B6;&#x178F; :</subfield>
    <subfield code="b">Clever little bat /</subfield>
    <subfield code="c">&#x1793;&#x17B7;&#x1796;&#x1793;&#x17D2;&#x1792;&#x178A;&#x17C4;&#x1799;&#x200B; &#x179B;&#x17C4;&#x1780; &#x178C;&#x17B9;&#x1798; &#x178A;&#x1793; ,&#x200B; &#x1782;&#x178E;:&#x1780;&#x1798;&#x17D2;&#x1798;&#x1780;&#x17B6;&#x179A;&#x17A2;&#x17C6;&#x178E;&#x17B6;&#x1793; &#x179B;&#x17C4;&#x1780; &#x1792;&#x17B8; &#x1785;&#x17B6;&#x1793;&#x17CB;&#x1790;&#x1793; &#x1793;&#x17B7;&#x1784; &#x17A2;&#x17D2;&#x1793;&#x1780;&#x1793;&#x17B6;&#x1784; &#x179C;&#x17C9;&#x17B6;&#x178F; &#x1785;&#x179A;&#x17B7;&#x1799;&#x17B6;&#x200B;</subfield>
  </datafield>
  <datafield tag="260" ind1=" " ind2=" ">
    <subfield code="a">Phnom Penh : </subfield>
    <subfield code="b">Reading Books , </subfield>
    <subfield code="c">2012.</subfield>
  </datafield>
  <datafield tag="300" ind1=" " ind2=" ">
    <subfield code="a">21 pages : </subfield>
    <subfield code="b">color illustrations ;</subfield>
    <subfield code="c">25 cm .</subfield>
  </datafield>
  <datafield tag="490" ind1=" " ind2=" ">
    <subfield code="a">&#x1796;&#x17B7;&#x1797;&#x1796;&#x179A;&#x17BF;&#x1784;&#x1793;&#x17B7;&#x1791;&#x17B6;&#x1793;</subfield>
  </datafield>
  <datafield tag="505" ind1=" " ind2=" ">
    <subfield code="a">K 
</subfield>
  </datafield>
  <datafield tag="520" ind1=" " ind2=" ">
    <subfield code="a">&#x1798;&#x17B6;&#x1793;&#x1780;&#x17BC;&#x1793;&#x1794;&#x17D2;&#x179A;&#x1787;&#x17C0;&#x179C;&#x178F;&#x17BC;&#x1785;&#x1798;&#x17BD;&#x1799;&#x17A0;&#x17BE;&#x179A;&#x179A;&#x1780;&#x1785;&#x17C6;&#x178E;&#x17B8;&#x178F;&#x17C2;&#x17AF;&#x1784;&#x1781;&#x17BB;&#x179F;&#x1796;&#x17C1;&#x179B;&#x179C;&#x17C1;&#x179B;&#x17B6;&#x1782;&#x17D2;&#x1798;&#x17B6;&#x1793;&#x1791;&#x17B7;&#x179F;&#x178A;&#x17C5; &#x17A0;&#x17BE;&#x1799;&#x1794;&#x17B6;&#x1793;&#x1787;&#x17BD;&#x1794;&#x1793;&#x17B9;&#x1784;&#x179F;&#x178F;&#x17D2;&#x179A;&#x17BC;&#x179C;&#x178A;&#x17C2;&#x179B;&#x1787;&#x17B6;&#x179F;&#x178F;&#x17D2;&#x179C;&#x1780;&#x17C6;&#x178E;&#x17B6;&#x1785;&#x178A;&#x17C2;&#x179B;&#x17A2;&#x17B6;&#x1785;&#x179F;&#x17BB;&#x17B8;&#x179C;&#x17B6;&#x1787;&#x17B6;&#x17A2;&#x17B6;&#x17A0;&#x17B6;&#x179A; &#x17D5; &#x1794;&#x17C9;&#x17BB;&#x1793;&#x17D2;&#x178F;&#x17C2;&#x178A;&#x17C4;&#x1799;&#x179F;&#x17B6;&#x179A;&#x1797;&#x17B6;&#x1796;&#x1786;&#x17D2;&#x179B;&#x17B6;&#x178F;&#x179C;&#x17C3;&#x179C;&#x17B6;&#x17A2;&#x17B6;&#x1785;&#x178A;&#x17C4;&#x17C7;&#x179F;&#x17D2;&#x179A;&#x17B6;&#x1799;&#x1794;&#x1796;&#x17D2;&#x17A0;&#x17B6;&#x17A2;&#x17C4;&#x1799;&#x1781;&#x17D2;&#x179B;&#x17BD;&#x1793;&#x179C;&#x17B6;&#x179A;&#x17BD;&#x1785;&#x1795;&#x17BB;&#x178F;&#x1796;&#x17B8;&#x179F;&#x17C1;&#x1785;&#x1780;&#x17D2;&#x178F;&#x17B8;&#x179F;&#x17D2;&#x179B;&#x17B6;&#x1794;&#x17CB;&#x1794;&#x17B6;&#x1793; &#x17D4; &#x1785;&#x17B6;&#x1794;&#x17CB;&#x1796;&#x17B8;&#x1796;&#x17C1;&#x179B;&#x1793;&#x17C4;&#x17C7;&#x1798;&#x1780;&#x179C;&#x17B6;&#x1780;&#x17CF;&#x1794;&#x17B6;&#x1793;&#x1795;&#x17D2;&#x179B;&#x17B6;&#x179F;&#x17CB;&#x1794;&#x17D2;&#x178F;&#x17BC;&#x179A;&#x1796;&#x17C1;&#x179B;&#x179C;&#x17C1;&#x179B;&#x17B6;&#x179F;&#x17D2;&#x179C;&#x17C2;&#x1784;&#x179A;&#x1780;&#x1785;&#x17C6;&#x178E;&#x17B8;&#x178A;&#x17C4;&#x1799;&#x1794;&#x17D2;&#x179A;&#x17BB;&#x1784;&#x1794;&#x17D2;&#x179A;&#x1799;&#x17D0;&#x178F;&#x17D2;&#x1793; &#x17D4; </subfield>
  </datafield>
  <datafield tag="520" ind1=" " ind2=" ">
    <subfield code="a">There was a little bat flying around in search of food alone at the wrong time. THen he came across his enemies, the fierce creatures that could prey on him for two times. However, due to his wisdom, the little bat could peacefully deal with the two enemies and saved his life . Since then, the little bat changed his time to look for food carefully . </subfield>
  </datafield>
  <datafield tag="521" ind1="8" ind2=" ">
    <subfield code="a">510 
</subfield>
    <subfield code="b">Lexile estimate 
</subfield>
  </datafield>
  <datafield tag="521" ind1="8" ind2=" ">
    <subfield code="a">K 
</subfield>
    <subfield code="b">Raz-Plus </subfield>
  </datafield>
  <datafield tag="650" ind1=" " ind2=" ">
    <subfield code="a">&#x1780;&#x17BC;&#x1793;&#x1794;&#x17D2;&#x179A;&#x1787;&#x17C0;&#x179C;&#x179C;&#x17C3;&#x1786;&#x17D2;&#x179B;&#x17B6;&#x178F;</subfield>
    <subfield code="v">&#x179A;&#x17BF;&#x1784;&#x1793;&#x17B7;&#x1791;&#x17B6;&#x1793;&#x1780;&#x17BB;&#x1798;&#x17B6;&#x179A;</subfield>
  </datafield>
  <datafield tag="650" ind1=" " ind2=" ">
    <subfield code="a">Clever little bat </subfield>
    <subfield code="v">Children's stories</subfield>
  </datafield>
  <datafield tag="700" ind1=" " ind2=" ">
    <subfield code="a">Yu, Mai</subfield>
    <subfield code="e">Illustrator </subfield>
  </datafield>
  <datafield tag="942" ind1=" " ind2=" ">
    <subfield code="2">ddc</subfield>
    <subfield code="c">KHB</subfield>
    <subfield code="n">0</subfield>
  </datafield>
  <datafield tag="999" ind1=" " ind2=" ">
    <subfield code="c">8580</subfield>
    <subfield code="d">8580</subfield>
  </datafield>
  <datafield tag="952" ind1=" " ind2=" ">
    <subfield code="0">0</subfield>
    <subfield code="1">0</subfield>
    <subfield code="2">ddc</subfield>
    <subfield code="4">0</subfield>
    <subfield code="7">0</subfield>
    <subfield code="8">Khmer-English Bilingual </subfield>
    <subfield code="a">002</subfield>
    <subfield code="b">002</subfield>
    <subfield code="c">TTP Khmer</subfield>
    <subfield code="d">2025-10-01</subfield>
    <subfield code="l">0</subfield>
    <subfield code="o">DAW PZ7 590 </subfield>
    <subfield code="p">FISBK072198</subfield>
    <subfield code="r">2025-10-01 15:41:07</subfield>
    <subfield code="t">1</subfield>
    <subfield code="w">2025-10-01</subfield>
    <subfield code="y">KHB</subfield>
  </datafield>
  <datafield tag="952" ind1=" " ind2=" ">
    <subfield code="0">0</subfield>
    <subfield code="1">0</subfield>
    <subfield code="2">ddc</subfield>
    <subfield code="4">0</subfield>
    <subfield code="7">0</subfield>
    <subfield code="8">Khmer-English Bilingual </subfield>
    <subfield code="a">002</subfield>
    <subfield code="b">002</subfield>
    <subfield code="c">TTP Khmer</subfield>
    <subfield code="d">2025-10-23</subfield>
    <subfield code="l">0</subfield>
    <subfield code="o">DAW PZ7 590 </subfield>
    <subfield code="p">FIS04163</subfield>
    <subfield code="r">2025-10-23 14:30:56</subfield>
    <subfield code="t">2</subfield>
    <subfield code="w">2025-10-23</subfield>
    <subfield code="y">KHB</subfield>
  </datafield>
  <datafield tag="952" ind1=" " ind2=" ">
    <subfield code="0">0</subfield>
    <subfield code="1">0</subfield>
    <subfield code="2">ddc</subfield>
    <subfield code="4">0</subfield>
    <subfield code="7">0</subfield>
    <subfield code="8">Khmer-English Bilingual </subfield>
    <subfield code="a">002</subfield>
    <subfield code="b">002</subfield>
    <subfield code="c">TTP Khmer</subfield>
    <subfield code="d">2025-11-10</subfield>
    <subfield code="l">0</subfield>
    <subfield code="o">DAW PZ7 590 </subfield>
    <subfield code="p">FIS04296</subfield>
    <subfield code="r">2025-11-10 16:25:56</subfield>
    <subfield code="t">3</subfield>
    <subfield code="w">2025-11-10</subfield>
    <subfield code="y">KHB</subfield>
  </datafield>
</record>
